000 00862aam a2200289 i 4500
001 768714001
003 CO-MdFUSB
005 20250430131152.0
007 ta
008 250430t1975 -us |||| |||| 00| 0 eng d
040 _cCO-MdFUSB
041 0 _aeng
082 0 4 _223
_a239.7
_bM1382f
245 1 0 _aMore evidence that demands a verdict :
_bhistorical evidences for the christian scriptures
_c/ compilado por Josh McDowell
264 1 _b Campus Crusade for Christ International,
_aEstados Unidos :
_c[1975]
264 4 _c©1975
300 _a361 páginas
336 _atexto
_btxt
_2rdacontent
337 _2rdamedia
_asin mediación
_bn
338 _2rdacarrier
_avolumen
_bnc
563 _aRústico
650 7 _aApologética
_9187
700 _aMcDowell, Josh,
_95873
_ecompilador
942 _cBK
945 _aJTF-925
999 _c37287
_d37287